000 00434nam a2200181Ia 4500
005 20230325110714.0
008 131103s9999 xx 000 0 und d
040 _aLoreto College
041 _aEnglish
082 _a822.91
_bO'CA
100 _aO'Casey, Sean
245 _aRose and crown
_cby Sean O'Casey
260 _aLondon
_bMacmillan
_c1952
300 _a306p.
650 _aEnglish drama
850 _aLCLIB
942 _cBK
999 _c22472
_d72951